|
|
|
|
| LEADER |
01233nam a22003137a 4500 |
| 001 |
34383 |
| 003 |
BD-DhAAL |
| 005 |
20211207123333.0 |
| 008 |
190324t2019 enka|||| b||| 001 0 eng d |
| 999 |
|
|
|c 40519
|d 40519
|
| 020 |
|
|
|a 9781138646810 (hbk)
|
| 020 |
|
|
|a 978131562737 (ebk)
|
| 040 |
|
|
|a BD-DhAAL
|
| 082 |
|
|
|a 338.96
|2 23
|
| 245 |
|
|
|a The service sector and economic development in africa
|c edited by Evelyn F. Wamboye and Peter J Nyaronga
|
| 260 |
|
|
|a Abingdon, Oxon ;
|a New York, NY :
|b Routledge, Taylor & Francis Group,
|c c2019
|
| 300 |
|
|
|a ix, 282 pages :
|b illustrations ;
|c 25 cm.
|
| 490 |
|
|
|a Routledge studies in development economics
|
| 504 |
|
|
|a Includes bibliographical references and index.
|
| 526 |
|
|
|a ESS
|
| 541 |
|
|
|a Parama
|e 34383
|
| 650 |
|
|
|a Service industries
|z Africa
|9 30523
|
| 650 |
|
|
|a Economic development
|z Africa
|y 21st century.
|9 30524
|
| 650 |
|
|
|a Economics.
|9 43519
|
| 700 |
|
|
|a Wamboye, Evelyn F.
|9 30525
|
| 700 |
|
|
|a Nyaronga, Peter J.
|9 30526
|
| 852 |
|
|
|a Ayesha Abed Library
|c General Stacks
|
| 942 |
|
|
|2 ddc
|c BK
|
| 952 |
|
|
|0 0
|1 0
|2 ddc
|4 0
|6 338_960000000000000_SER
|7 0
|9 65142
|a BRACUL
|b BRACUL
|c GEN
|d 2019-02-26
|e Parama
|g 7455.00
|l 0
|o 338.96 SER
|p 3010034383
|r 2019-02-26
|t 1
|v 7455.00
|w 2019-02-26
|y BK
|